Language as a cognitive process / (Record no. 185336)
[ view plain ]
| 000 -LEADER | |
|---|---|
| fixed length control field | 01044 a2200241 4500 |
| 003 - CONTROL NUMBER IDENTIFIER | |
| control field | NUST |
| 005 - DATE AND TIME OF LATEST TRANSACTION | |
| control field | 20230118132512.0 |
| 010 ## - LIBRARY OF CONGRESS CONTROL NUMBER | |
| LC control number | 81014855 |
| 020 ## - INTERNATIONAL STANDARD BOOK NUMBER | |
| International Standard Book Number | 0201085712 (v. 1) : |
| 040 ## - CATALOGING SOURCE | |
| Transcribing agency | Nust |
| 082 00 - DEWEY DECIMAL CLASSIFICATION NUMBER | |
| Classification number | 410.28,WIN |
| 100 1# - MAIN ENTRY--PERSONAL NAME | |
| Personal name | Winograd, Terry. |
| 9 (RLIN) | 67607 |
| 245 10 - TITLE STATEMENT | |
| Title | Language as a cognitive process / |
| Statement of responsibility, etc. | Terry Winograd. |
| 260 ## - PUBLICATION, DISTRIBUTION, ETC. | |
| Place of publication, distribution, etc. | Reading, Mass. : |
| Name of publisher, distributor, etc. | Addison Wesley Pub. Co., |
| Date of publication, distribution, etc. | c1983- |
| 300 ## - PHYSICAL DESCRIPTION | |
| Extent | v. 640.p : |
| Other physical details | ill. ; |
| Dimensions | 24 cm. |
| 505 1# - FORMATTED CONTENTS NOTE | |
| Formatted contents note | Viewing Language as a Knowledge Based Process (Page-1), Word Patterns and Word Classes (Page-35), Context Free Grammars and Parsing (Page-72), Transformational Grammar (Page-133), Augmented Transition Network Grammars (Page-195), Feature and Function Grammars (Page-272), Computer Systems for Natural Language Parsing (Page-357). |
| 650 #0 - SUBJECT ADDED ENTRY--TOPICAL TERM | |
| Topical term or geographic name entry element | Computational linguistics. |
| 9 (RLIN) | 10826 |
| 650 #0 - SUBJECT ADDED ENTRY--TOPICAL TERM | |
| Topical term or geographic name entry element | Grammar, Comparative and general |
| General subdivision | Syntax. |
| 9 (RLIN) | 106994 |
| 650 #0 - SUBJECT ADDED ENTRY--TOPICAL TERM | |
| Topical term or geographic name entry element | Pragmatics. |
| 9 (RLIN) | 106995 |
| 650 #0 - SUBJECT ADDED ENTRY--TOPICAL TERM | |
| Topical term or geographic name entry element | Psycholinguistics. |
| 9 (RLIN) | 101117 |
| 650 #0 - SUBJECT ADDED ENTRY--TOPICAL TERM | |
| Topical term or geographic name entry element | Semantics. |
| 9 (RLIN) | 33974 |
| 942 ## - ADDED ENTRY ELEMENTS (KOHA) | |
| Source of classification or shelving scheme | |
| Koha item type | Book |
| Call number prefix | 410.28,VIN |
| Withdrawn status | Lost status | Source of classification or shelving scheme | Damaged status | Not for loan | Permanent Location | Current Location | Shelving location | Date acquired | Full call number | Barcode | Date last seen | Price effective from | Koha item type | Public note |
|---|---|---|---|---|---|---|---|---|---|---|---|---|---|---|
| Military College of Signals (MCS) | Military College of Signals (MCS) | General Stacks | 12/12/2016 | 410.28,WIN | MCS2527 | 12/08/2016 | 12/12/2016 | Book | Almirah No.54, Shelf No.5 |
